LEADER 00985nam0-22003371i-450 001 990000423640403321 005 20170523115124.0 035 $a000042364 035 $aFED01000042364 035 $a(Aleph)000042364FED01 100 $a20020821d1963----km-y0itay50------ba 101 0 $aita 105 $ay-------001yy 200 1 $aMuri, Infissi e Ossature$eelementi costruttivi verticali$fCh. Mondin$gGiovanni Emilio Buzzelli 210 $aBologna$cC.E.L.I.$d1963 215 $a647 p.$dill.$d18 cm 300 $aTit. orig.: Aide-Mèmoire Trad. da:Buzzelli Giovanni Emilio 610 0 $aMuri 610 0 $aScale 610 0 $aInfissi 676 $a624.1 700 1$aMondin,$bCH.$023923 702 1$aBuzzelli,$bGiovanni Emilio 801 0$aIT$bUNINA$gRICA$2UNIMARC 901 $aBK 912 $a990000423640403321 952 $a08 A 210$b5244$fDINED 952 $a08 AA 580$b1168 C.E.$fDINED 959 $aDINED 996 $aMuri, Infissi e Ossature$9326587 997 $aUNINA